000 00484nam a2200181Ia 4500
003 OSt
005 20250117152100.0
008 210210b1956 xxu||||| |||| 00| 0 eng d
040 _cAL
041 _akan
082 _a859/94
100 _aKRASHNARAYA (A N)
_9148292
_dಕೃಷ್ಣರಾಯ (ಅ ನ ಕೃ).
245 _aPapiya nele:
_bಪಾಪಿಯ ನೆಲೆ
260 _aBengaluru
_b-
_c1956
690 _aKannada Fiction
_9148293
906 _a020876
942 _2ddc
_cBK
999 _c145033
_d145033